The Lord /

Uloženo v:
Podrobná bibliografie
Hlavní autor: Guardini, Romano (autor)
Další autoři: Briefs, Elinor Castendyk (traducción) (traducción)
Médium: Neznámo
Jazyk:angličtina
Vydáno: Chicago, EUA : Henry Regnery, 1960, c1954
Vydání:7a impresión
Tagy: Přidat tag
Žádné tagy, Buďte první, kdo vytvoří štítek k tomuto záznamu!

MARC

LEADER 00000c**#a2200000ua#4500
001 000614999
005 20251015000000.0
009 20260310133652.405
025 |a Donación Juan Lafarga Corona, 1 ejemplar 
037 |a Acervo Xavier Clavigero 
041 |a ING 
091 |a FLC. 00613 
100 |a Guardini, Romano  |e (autor) 
240 1 4 |a [El Señor, de Romano Guardini] 
245 1 4 |a The Lord / 
250 |a 7a impresión 
264 4 |a Chicago, EUA :  |b Henry Regnery,  |c 1960, c1954 
300 |a XI, 535 p. 
336 |a texto  |b txt  |2 rdacontenido 
337 |a sin mediación  |b n  |2 rdamedio 
338 |a volumen  |b nc  |2 rdasoporte 
500 |a Traducción de: Der Herr – Betrachtungen über die Person und das Leben Jesu Christi 
561 |a Ex libris de la Biblioteca Dr. Juan Lafarga Corona 
561 |a Ex libris del INIDH Instituto Nacional de Investigación en Desarrollo Humano 
561 |a Ex libris de la Universidad Iberoamericana, Centro de Orientación Psicológica 
561 |a Ex libris de Juan Lafarga Corona S.J., 3935 North Melvina Avenue, Chicago, Illinois, EUA 
562 |a Falta sobrecubierta 
649 |a XX 
700 |a Briefs, Elinor Castendyk  |e (traducción) 
910 |a Fondo Juan Lafarga Corona S.J. 
920 |a Impresos - Libros 
930 |a Fondos Especiales 
905 |a 145 
901 |a 614999-10  |b IT2  |c ESL  |i D  |u 20250522 
902 |a https://opac.biblio.iteso.mx/vufind/Record/000614999